Comedy Central's 100 Greatest Stand-Up Comedians of All Time - Statistics

General Stats
  • This quiz has been taken 1,142 times
  • The average score is 21 of 100
Answer Stats
# Great Comedian % Correct
1 Richard Pryor
71%
10 Eddie Murphy
70%
2 George Carlin
66%
12 Jerry Seinfeld
66%
5 Chris Rock
64%
13 Robin Williams
58%
6 Steve Martin
51%
8 Bill Cosby
47%
27 Jay Leno
44%
43 Dave Chapelle
43%
15 David Letterman
43%
44 Joan Rivers
43%
46 Adam Sandler
42%
98 Louis C.K
42%
36 Jim Carrey
41%
11 Johnny Carson
41%
3 Lenny Bruce
41%
7 Rodney Dangerfield
39%
9 Roseanne Barr
39%
4 Woody Allen
37%
48 Tim Allen
36%
84 Drew Carey
34%
24 Red Foxx
34%
72 Bernie Mac
32%
16 Ellen DeGeneres
32%
19 Bill Hicks
31%
25 Bob Hope
30%
17 Don Rickles
30%
83 Norm McDonald
29%
45 Richard Lewis
26%
20 Sam Kinison
25%
95 Andrew Dice Clay
23%
41 Jon Stewart
23%
51 Lewis Black
23%
39 Billy Crystal
22%
60 Jeff Foxworthy
22%
14 Bobby Newhart
21%
90 Dana Carvey
21%
23 Steven Wright
21%
89 Kevin James
20%
37 Martin Lawrence
20%
32 Albert Brooks
19%
33 Andy Kaufman
19%
21 Dennis Miller
18%
26 Ray Romano
18%
52 Damon Wayans
17%
58 Larry Miller
17%
38 Bill Maher
16%
78 Cedric the Entertainer
16%
30 Garry Shandling
16%
29 Milton Berle
16%
70 Wanda Sykes
16%
28 Jack Benny
15%
18 Jonathan Winters
15%
92 Louie Anderson
15%
42 Flip Wilson
14%
31 George Burns
14%
56 Colin Quinn
13%
50 Denis Leary
13%
100 Gallagher
13%
65 Sinbad
13%
35 Phyllis Diller
12%
55 Alan King
11%
59 Gilbert Gottfried
11%
40 Mort Sahl
11%
54 D.L. Hughley
10%
49 Freddie Prinze
10%
82 Howie Mandel
10%
86 Jay Mohr
10%
68 Dave Attell
9%
85 David Cross
9%
62 Eddie Griffin
9%
75 Eddie Izzard
8%
47 Henry Youngman
8%
88 Paula Poundstone
8%
22 Robert Klein
8%
61 Bobcat Goldthwait
7%
91 Jim Breuer
7%
96 Joey Bishop
7%
69 Pat Cooper
7%
81 Dick Gregory
6%
63 Jackie Mason
6%
99 Janeane Garofalo
6%
64 Richard Belzer
6%
87 Brett Butler
5%
53 David Brenner
5%
74 Paul Rodriguez
5%
57 Richard Jeni
5%
97 Sandra Bernhard
5%
34 Buddy Hackett
4%
71 Red Buttons
4%
79 Dom Irrera
3%
73 Elayne Boosler
3%
77 Paul Reiser
3%
94 David Alan Grier
2%
93 George Wallace
2%
66 Shelley Berman
2%
80 Bobby Slayton
1%
67 Kevin Pollack
1%
76 Robert Schimmel
1%
No matching quizzes found
Score Distribution
Percent of People with Each Score
Percentile by Number Answered
Your Score History
You have not taken this quiz